Qué físico/matemático formuló... - Estadísticas

Estadísticas generales
  • Esta prueba ha sido intentada 25 veces
  • La puntuación promedio es 5 de 10
Estadísticas de respuestas
Imagen Respuesta % Correcto
Einstein
100%
Pitagoras
91%
Newton
68%
Euler
55%
Ohm
50%
Coulomb
45%
Kepler
41%
Hooke
32%
Laplace
27%
Morgan
27%
No se encontraron pruebas coincidentes
Distribución de puntuación
Porcentaje de gente con cada puntuación
Porcentaje por número respondido
Historial de tus puntuaciones
No has intentado esta prueba.